| 000 | 03822nam a22003257a 4500 | ||
|---|---|---|---|
| 001 | TZ 0043 | ||
| 003 | gtcocun | ||
| 005 | 20251008185955.0 | ||
| 006 | a||||gr|||| 00| 0 | ||
| 007 | ta | ||
| 008 | 251008b2011 gt ||||| m||| 00| 0 eng d | ||
| 040 |
_agtcocun _bSPA _cgtcocun _eRDA |
||
| 041 | _aSPA TZ 0043 | ||
| 084 | _0TZ 0043 | ||
| 100 |
_aCahuec Maas, Estuardo Enrique _eAutor |
||
| 245 |
_aINFORME FINAL DEL EJERCICIO PROFESIONAL SUPERVISADO, REALIZADO EN EL COMITÉ DE UNIDAD CAMPESINA (CUC), EN SEIS COMUNIDADES DE ALTA VERAPAZ Y DOS DE MORALES, IZABAL./ _cEstuardo Enrique Cahuec Maas. _hImpreso |
||
| 264 |
_aCobán, Alta Verapaz: _bUniversidad de San Carlos de Guatemala, Centro Universitario del Norte, Zootecnia _c2011 |
||
| 300 |
_a54 p.: _bIlustraciones, gráficas. _c28 cm; |
||
| 336 |
_2rdacontenido _aTexto _btxt |
||
| 337 |
_2rdamedio _aComputadora _bn |
||
| 338 |
_2rdasoporte _aCódigo en línea _bcr |
||
| 502 | _eTZ 0043 | ||
| 502 |
_aTesis de grado _bZootecnia, _cUniversidad de San Carlos de Guatemala, Centro Universitario del Norte, Zootecnia _d2011 _oTZ 0043 |
||
| 520 | 1 | 4 | _aEn el presente informe se describen las actividades de extensión y servicio realizadas con el apoyo del Comité de Unidad Campesina (CUC), organización que impulsa el desarrollo rural integral de las comunidades, con la finalidad de mejorar las condiciones de vida de las familias indígenas. Se impulsa la capacidad participativa de grupos organizados, así como la equidad de género; es decir, participación equitativa de mujeres y hombres en la toma de decisiones en el ámbito comunal, municipal y nacional. A la vez se promueve el uso adecuado y protección de los recursos naturales. Las actividades se enfocaron principalmente en el área agropecuaria, las cuales se consideran de valor social y productivo. La participación y el interés de las familias en las actividades desarrolladas se consideraron dos factores importantes para llevar a cabalidad lo programado en el área. Se promovieron nuevas alternativas de producción, los cultivos establecidos permitieron el fortalecimiento y participación de las y los comunitarios, con enfoque a la producción agropecuaria sostenible. Dentro de las actividades programadas y no programadas sobresalen: Asesoría técnica, planes operativos, charlas para la producción agropecuaria, aplicación de medicamentos tales como: desparasitantes y vacunas, entrega de insumos agrícolas, implementación de granjas pecuarias, organización de grupos comunitarios, giras de intercambio de experiencias y ferias de productos agropecuarios. Los habitantes de las comunidades que participaron en las actividades quedaron en capacidad de orientar a quienes no asistieron. Con la investigación inferencial se comprobó que es posible elaborar una alternativa para la alimentación de gallinas de traspatio (Gallus gallus) en las comunidades, ya que con recursos locales se pudo sustituir un alimento comercial, y a la vez se logró un costo de producción más accesible para los habitantes del área rural; ésta se realizó en dos comunidades del municipio de Cobán, Alta Verapaz. Finalizado el Ejercicio Profesional Supervisado (EPS), se concluyó que se contribuyó al desarrollo de más de ochocientas familias en ocho comunidades, seis pertenecientes al Departamento de Alta Verapaz y dos al municipio de Morales Izabal. |
| 650 | 1 |
_2LEMB _aAlta Verapaz y Morales, Izabal. _xZootecnia _xRecursos naturales _xÁmbito comunal _xProducción _xComunitarios _xAgropecuaria |
|
| 700 |
_aLic. Zoot. Julio Antonio Estrada Osorio _eAsesor |
||
| 856 |
_uhttps://drive.google.com/file/d/15_BBji2s4RBJeOvPWQhDiJWrkSxmsRif/view _yPDF _zUn ejemplar en línea. |
||
| 942 |
_2ddc _cTES _iTZ 0043 _kClasificación _n0 _6TZ_0043_000000000000000 |
||
| 999 |
_c2299 _d2299 |
||